Negrafické aplikácie ISTP

Bibliographic Details
Main Author: Danihel, František (Author)
Format: Article
Language:Slovak
Subjects:

MARC

LEADER 00000nab a2200000 a 4500
001 vtls000416304
003 SK-MaSNL
005 20260302234809.0
008 120925c1988 xo 0 slo
015 |a SNBRA19rr/mm-uuuuu 
035 |a CL0416429 
040 |a SNKBUCL  |b slo  |c SNKBUCL  |e AACR2 
041 0 |a slo 
044 |a xo  |c SK 
080 |a 658.512:681.3.06:002  |2 1981 
080 |a 681.3.06  |2 1981 
080 |a 002  |2 1981 
100 1 |a Danihel, František  |4 aut  |9 970595 
245 1 0 |a Negrafické aplikácie ISTP  |c František Danihel 
650 0 7 |a rozpočty technologické  |2 snkbucl  |9 970596 
650 0 7 |a tabuľky profesné  |2 snkbucl  |9 970597 
650 0 7 |a databázy  |2 snkbucl  |9 885 
655 7 |a články zo zborníkov  |2 snkbucl  |9 166140 
773 0 |t Zavádzanie automatizácie inžinierskych prác v strojárstve  |d Žilina : Dom techniky ČSVTS, 1988 
850 |a Slovenská národná knižnica v Martine  |a MTA001 
852 |a SNK  |b KIS3GCP 
958 |a RK 
992 |a RZB 
999 |c 1552005  |d 1553935